000 00386nam a22001697a 4500
003 CEME
005 20210628203033.0
008 210128b xxu||||| |||| 00| 0 eng d
020 _a9789695031582
040 _c.
082 _a891.4393 MUM
100 _aMumtaz Mufti
_9370
245 _aPiyaz kay chilkay
260 _aLAHORE
_bAL FAISAL
_c2005
300 _a184P
942 _cBK
_2ddc
999 _c571921
_d571921